CONMEBOL National Soccer Team Logos - Statistics

General Stats
  • This quiz has been taken 436 times
  • The average score is 10 of 10
Answer Stats
Picture Answer % Correct
Argentina
100%
Brazil
100%
Colombia
99%
Peru
99%
Uruguay
98%
Chile
97%
Venezuela
96%
Bolivia
95%
Ecuador
95%
Paraguay
93%
No matching quizzes found
Score Distribution
Percent of People with Each Score
Percentile by Number Answered
Your Score History
You have not taken this quiz